| 000 | 00603nam a2200205 u 4500 | ||
|---|---|---|---|
| 005 | 20240228063631.0 | ||
| 008 | 090519s2007 es r 000 0 spa d | ||
| 020 | _a9788424625474 | ||
| 035 | _aUPN01000170531 | ||
| 049 | _aI | ||
| 050 | 4 |
_aPZ74.9 _bL5.2 |
|
| 100 | 1 |
_aLienas, Gemma, _d1951- _934227 |
|
| 245 | 1 | 4 |
_aLas ballenas desorientadas / _cGemma Lienas. |
| 260 |
_aBarcelona, Esp. : _bLa Galera, _c2007. |
||
| 300 | _a199 p. | ||
| 650 | 4 |
_aLiteratura infantil espaƱola _95892 |
|
| 650 | 4 |
_aBALLENAS - _vLITERATURA JUVENIL _98652 |
|
| 650 | 0 |
_aHistorias de aventuras _94131 |
|
| 905 | _aInfantil | ||
| 999 |
_c142636 _d142636 |
||